Fundamentals of nursing : (Record no. 320)

MARC details
000 -LEADER
fixed length control field 00640nam a22002057a 4500
003 - CONTROL NUMBER IDENTIFIER
control field OSt
005 - DATE AND TIME OF LATEST TRANSACTION
control field 20210215103942.0
008 - FIXED-LENGTH DATA ELEMENTS--GENERAL INFORMATION
fixed length control field 210215b ||||| |||| 00| 0 eng d
020 ## - INTERNATIONAL STANDARD BOOK NUMBER
International Standard Book Number 9781609133658
020 ## - INTERNATIONAL STANDARD BOOK NUMBER
International Standard Book Number 978160913365x
040 ## - CATALOGING SOURCE
Original cataloging agency PHNSL
Transcribing agency PHNSL
245 ## - TITLE STATEMENT
Title Fundamentals of nursing :
Remainder of title the art and science of nursing care /
Statement of responsibility, etc. Carol R. Taylorv... [et al].
250 ## - EDITION STATEMENT
Edition statement 7th ed.
260 ## - PUBLICATION, DISTRIBUTION, ETC.
Place of publication, distribution, etc. Philadelphia :
Name of publisher, distributor, etc. Wolters Kluwer,
Date of publication, distribution, etc. 2011.
300 ## - PHYSICAL DESCRIPTION
Extent xxxi, 1673 p. :
Other physical details ill.
504 ## - BIBLIOGRAPHY, ETC. NOTE
Bibliography, etc. note Includes bibliographical references and index
650 ## - SUBJECT ADDED ENTRY--TOPICAL TERM
Topical term or geographic name entry element Nursing Process
Form subdivision Nursing care
General subdivision Nursing
700 ## - ADDED ENTRY--PERSONAL NAME
Personal name Taylor, Carol R.
942 ## - ADDED ENTRY ELEMENTS (KOHA)
Source of classification or shelving scheme Library of Congress Classification
Koha item type Books
Holdings
Withdrawn status Lost status Source of classification or shelving scheme Damaged status Not for loan Home library Current library Shelving location Date acquired Full call number Barcode Date last seen Copy number Price effective from Koha item type Public note
    Library of Congress Classification     Public Health Nurses School Public Health Nurses School General Stacks 02/15/2021 RT41.F96 00805 02/15/2021 c.1 02/15/2021 Books ekp 15/02/21
Copyright © 2025 PHNS Library. All Rights Reserved.